1220 1109 1827 1394 1199 1726 1623 1197 1018 1875 1026 1392 1657 1564 1270 1214 1941 1413 1057 1333 1009 1703 1826 1846 1764 1432 1258 1690 1090 1046 1827 1852 1584 1534 1072 1900 1927 1714 1502 1597 1281 1054 1853 1455 1999 1305 1761 1592 1422 1988 1993 1576 1489 1671 1851 1255 1296 1671 1053 1093 1626 1877 1555 1733 1594 1471 1608 1505 1338 1086 1444 1319 1652 1890 1115 1758 1381 1129 1103 1913 1583 1284 1431 1287 1967 1958 1716 1150 1267 1073 1022 1125 1466 1339 1117 1267 1636 1891 1341 BCNSPRNW ULIB Ver.6.0+V

เปลี่ยนเป็นภาษาไทย

Change to English
 แสดงรายละเอียดบรรณานุกรม
  กลับหน้าหลัก

Brief Record : Get Marc (ISO 2709) : E-mail record : QR code < ปิดหน้าต่าง
LEADER : 00000nam 2200000uu 4500
001    13399113165
003     ULIB
008    110929s2550||||th 000 0 tha d
020    9789744896698
050 04 QA76.75^bอ568จ 2550
100 0  อัมรินทร์ เพ็ชรกุล
245 10 จัดการอีเมล์ และบริหารเวลา ด้วย Outlook 2007 ฉบับสมบูรณ์ /^cอัมรินทร์ เพ็ชรกุล
246 30 Outlook 2007
260    กรุงเทพฯ :^bซัคเซส มีเดีย,^c2550
300    222 หน้า :^bภาพประกอบ ;^c21 ซม
650  7 Microsoft Outlook
650  7 โปรแกรมคอมพิวเตอร์
710 1  ซัคเซส มีเดีย
945    ^p179^l0^i022892
995    ทศพร
999 ^a ทศพร
รายการนี้ยังไม่มีแท็ก
คุณยังไม่ได้ล็อกอิน คุณสามารถมีกิจกรรมร่วมกับเว็บไซต์ได้ แต่ต้องล็อกอินก่อน ::
  ล็อกอิน

รายการสื่อสารสนเทศ

ลำดับที่ ประเภท เลขเรียก/บาร์โค้ด สถานที่ สถานะ
- ไม่พบข้อมูล -

รายการใกล้เคียง
    ผู้แต่ง [อัมรินทร์ เพ็ชรกุล]

    หัวเรื่อง [Microsoft Outlook]
    หัวเรื่อง [โปรแกรมคอมพิวเตอร์]

BibComment


ยังไม่เคยถูกคอมเมนท์

คอมเมนท์ทรัพยากรรายการนี้
  คอมเมนท์: จัดการอีเมล์ และบ..


 Copyright 2026. Bcnsprnw @Library